000
00217 a2200097 4500
001
31417
100
_a
Calabria Jano
245
_a
Using Microsoft Word 2000
260
_a
New Delhi
_b
PHI
_c
1999
090
_c
21304
_d
21304
942
_a
NUST-CAE
_c
M
_c
12564
999
_c
266490
_d
266490